Bölcs bolondság
Elmentve itt :
| Dokumentumtípus: | Cikk |
|---|---|
| Megjelent: |
1916-03-29
|
| Sorozat: | Délmagyarország
5 No. 74 |
| Kulcsszavak: | Művelődéstörténet Szeged 1916 |
| Online Access: | http://dmarchiv.bibl.u-szeged.hu/57809 |
| LEADER | 00405nab a2200145 i 4500 | ||
|---|---|---|---|
| 001 | delm57809 | ||
| 005 | 20180927144627.0 | ||
| 008 | 180927s1916 hu o 0|| hun d | ||
| 040 | |a SZTE Délmagyarország Archívum |b hun | ||
| 041 | |a hun | ||
| 245 | 0 | 0 | |a Bölcs bolondság |h [elektronikus dokumentum] |
| 260 | |c 1916-03-29 | ||
| 300 | |a 5 | ||
| 490 | 0 | |a Délmagyarország |v 5 No. 74 | |
| 695 | |a Művelődéstörténet Szeged 1916 | ||